Bishkek Airport Destinations - Statistics

General Stats
  • This quiz has been taken 41 times
  • The average score is 24 of 31
Answer Stats
Country City % Correct
United Arab Emirates Dubai
100%
United Arab Emirates Dubai-Sharjah
100%
Pakistan Islamabad
100%
Turkey Istanbul
100%
Turkey Istanbul (Sabiha)
100%
Russia Moscow (Domodedovo)
100%
Russia Moscow (Sheremetyevo)
100%
Russia Moscow (Vnukovo)
100%
Russia Moscow (Zhukovsky)
100%
Mongolia Ulaanbaatar
100%
United Arab Emirates Abu Dhabi
97%
India New Delhi
97%
Kazakhstan Nur-Sultan
97%
Kuwait Kuwait City
95%
Russia Saint Petersburg
95%
Uzbekistan Tashkent
95%
Kazakhstan Almaty
92%
Pakistan Lahore
84%
Turkey Antalya
78%
Russia Novosibirsk
78%
China Urumqi
78%
Russia Kazan
70%
Russia Yekaterinburg
65%
Kyrgyzstan Osh
59%
Russia Sochi
51%
Russia Irkutsk
41%
Russia Krasnoyarsk
41%
China Xi'an
41%
Russia Makhachkala
14%
Russia Surgut
8%
Russia Tyumen
8%
No matching quizzes found
Score Distribution
Percent of People with Each Score
Percentile by Number Answered
Your Score History
You have not taken this quiz